Word Ladder: Summer Quiz Stats

 Plays Quiz Updated Jun 20, 2017

Support Sporcle.
Go Orange.
Score 0/30 Timer 03:00
1 Play Today
Hint 4-Letter Word % Correct
* Beach surface ** SAND *
92.6%
* Ocean swell ** WAVE *
91.5%
DonatedGAVE
90.5%
Pixar film with Lightning McQueenCARS
89.7%
Perceive by the earHEAR
89.5%
Rapunzel's 'Ladder'HAIR
89.4%
* Go yachting ** SAIL *
88.9%
Italy's shapeBOOT
88.7%
UtteredSAID
88.5%
WatercraftBOAT
88.3%
LocateFIND
88%
* Like weather at the beginning of summer ** WARM *
87.7%
Flunk outFAIL
87.6%
* Feature of summer weather ** HEAT *
87.2%
Tempo or rhythmBEAT
86.9%
Hint 4-Letter Word % Correct
Estate beneficiaryHEIR
86.4%
Something to playGAME
85.8%
* Kid's summer getaway ** CAMP *
84.7%
Freshwater fishCARP
84.2%
* Outdoor summer festival ** FAIR *
83.9%
Boil, broil or bakeCOOK
83.6%
Rock groupBAND
82.3%
* Like weather at the end of summer ** COOL *
82.1%
A piece of merchandiseWARE
81.8%
Amazon.com buyBOOK
79.4%
Difficult situationBIND
78%
Revived (with 'to')CAME
77.2%
* Scuba gear ** FINS *
72.8%
* Summer coolers ** FANS *
61.5%
FiresCANS
61.1%

Today's Daily Dose

You're not logged in!

Compare scores with friends on all Sporcle quizzes.
OR
Log In
Forgot?

From the Vault

Crime Movie Title Match-Up

by TheFlyingFinn

We're still watching a bunch of crime movies to assemble the ultimate heist plan.
Remove Ads.
Support Sporcle.
Get the best of Sporcle when you Go Orange. This ad-free experience offers more features, more stats, and more fun while also helping to support Sporcle. Thank you for becoming a member.

Show Comments

Extras

Top Quizzes Today


Score Distribution

Your Account Isn't Verified!

In order to create a playlist on Sporcle, you need to verify the email address you used during registration. Go to your Sporcle Settings to finish the process.

Report this User

Report this user for behavior that violates our Community Guidelines.

Details: